1586 1292 1559 1365 1301 1765 1891 1863 1114 1826 1160 1804 1270 1084 1098 1839 1367 1950 1675 1357 1120 1927 1806 1344 1195 1262 1214 1065 1765 1373 1000 1547 1343 1293 1812 1993 1773 1943 1707 1499 1456 1258 1828 1154 1473 1456 1739 1842 1500 1098 1786 1243 1010 1137 1472 1620 1398 1597 1202 1819 1277 1150 1277 1098 1128 1087 1288 1473 1516 1015 1246 1915 1514 1871 1262 1393 1963 1556 1536 1015 1852 1578 1433 1438 1661 1936 1088 1551 1362 1320 1110 1163 1257 1312 1375 1457 1431 1365 1086 BCNSPRNW ULIB Ver.6.0+V

เปลี่ยนเป็นภาษาไทย

Change to English
 แสดงรายละเอียดบรรณานุกรม
  กลับหน้าหลัก

Brief Record : Get Marc (ISO 2709) : E-mail record : QR code < ปิดหน้าต่าง
LEADER : 00000nam 2200000uu 4500
001    13399125924
003     ULIB
008    171025s||||||||th 000 0 tha d
020    ู^a9789745337176
060    ^aWY152.5^bจ265ก
100    ^aจันทร์ทิรา เจียรณัย.
245    ^aการพยาบาลผู้ป่วยที่มีปัญหาการผันแปรของออกซิเจนและการระบายอากาศ/^bจันทร์ทิรา เจียรณัย.
260    ^aนครราชสีมา :^bมหาวิทยาลัยเทคโนโลยีสุรนารี,^c2560
300    ^a528 หน้า;^c30 ซม.
650    ^aหัวใจ-โรค-ผู้ป่วย
650  0 ^aผู้ป่วย-การดูแล
945    ^p480^l0^i25668
945    ^p480^l0^i25669
999    ^aกัณชพร จุลอักษร
รายการนี้ยังไม่มีแท็ก
คุณยังไม่ได้ล็อกอิน คุณสามารถมีกิจกรรมร่วมกับเว็บไซต์ได้ แต่ต้องล็อกอินก่อน ::
  ล็อกอิน

รายการสื่อสารสนเทศ

ลำดับที่ ประเภท เลขเรียก/บาร์โค้ด สถานที่ สถานะ
1. หนังสือสำรอง
หนังสือสำรอง
WY152.5 จ265ก ฉ.1 
  Barcode: 25668
ห้องสมุดวิทยาเขตนครสวรรค์
►หนังสือทั่วไป:l:General Books
บนชั้น
2. วิทยาศาสตร์การแพทย์ และสุขภาพ
วิทยาศาสตร์การแพทย์ และสุขภาพ
WY152.5 จ265ก ฉ.2 
  Barcode: 25669
ห้องสมุดวิทยาเขตนครสวรรค์
►หนังสือทั่วไป:l:General Books
บนชั้น

รายการใกล้เคียง
    หัวเรื่อง [หัวใจ-โรค-ผู้ป่วย]
    หัวเรื่อง [ผู้ป่วย-การดูแล]

BibComment


ยังไม่เคยถูกคอมเมนท์

คอมเมนท์ทรัพยากรรายการนี้
  คอมเมนท์: การพยาบาลผู้ป่วย..


 Copyright 2026. Bcnsprnw @Library